Регионална библиотека "Любен Каравелов" - Русе

Маестро Георги Атанасов 1882 - 1931 (Запис номер 77695)

MARC детайли
000 -Лидер
Контролно поле с фиксирана дължина 01956nam a2200445 c 4500
003 - Код на организацията, давaща контролен номер
Контролно поле BLK
005 - Дата и час на последна редакция
Контролно поле 20180420224323.0
008 - Елементи от данни с фиксирана дължина
fixed length control field 180408b bul|||||r ||||||| ||bul||
010 ## - Наследен системен номер
LC control number KNG00082155000
020 ## - Международен стандартен номер на книга ISBN
Международен стандартен номер на книга ISBN 978-954-684-176-6
-- издат.: Беллопринт
040 ## - Източник на каталожния запис
Идентификатор на билиотеката - собственик на записа BLK
041 ## - Код за език
Код за езика на текст/звукозапис или на отделно заглавие Български
Код за езика КДБФ Български
080 ## - УДК
Текстов определител УДК Био-библиографии
УДК код - определител по УДК 016:929
УДК определител
УДК - код + определител 016:929
080 ## - УДК
Текстов определител УДК Музиканти-творци, композитори
УДК код - определител по УДК 78.071.1
УДК определител (497.2)(01)
УДК - код + определител 78.071.1(497.2)(01)
080 ## - УДК
Текстов определител УДК Български композитор
УДК код - определител по УДК 929 Атанасов - Маестро, Георги
УДК определител
УДК - код + определител 929 Атанасов - Маестро, Георги
139 ## - Редно поле
Редна дума Владова, Мариана
Авторски знак Ат - А 93
245 10 - Сведения за заглавието
Заглавие Маестро Георги Атанасов 1882 - 1931
Подзаглавни данни Био-библиогр.
Редно поле (дума) състав. Мариана Владова.
257 ## - Страна на издаване
Страна на създаване/издаване България
260 ## - Област на издателските данни
-- Пазарджик
Име на издателя, разпространителя и проч. Беллопринт
Година на издаване 2007
300 ## - Физическа характеристика
Страници 96 с.
Илюстрации и др. със сн.
Размери/Мащаб 25 см
380 ## - Жанр
Жанр Общ отдел
500 ## - Общи забележки
Забележка Пълното име на Маестрото е Георги Атанасов Георгиев. - Офс. изд.
600 14 - Име на лице, използвано като предмет
За него / За нея Атанасов - Маестро, Георги
9 (RLIN) 285324
650 #4 - Допълнително описание по предмет – тема
Основно описание – тема или топоним Атанасов - Маестро, Георги
9 (RLIN) 285324
650 #4 - Допълнително описание по предмет – тема
Основно описание – тема или топоним Био-библиографии
9 (RLIN) 148651
650 #4 - Допълнително описание по предмет – тема
Основно описание – тема или топоним Композитори, български
9 (RLIN) 241861
650 #4 - Допълнително описание по предмет – тема
Основно описание – тема или топоним Диригенти, български
9 (RLIN) 246357
651 #4 - Допълнително описание по предмет - топоним
Географско понятие България
9 (RLIN) 241624
653 ## - Ключова дума – ненормативна
Ключова дума Маестро Георги Атанасов
653 ## - Ключова дума – ненормативна
Ключова дума био-библиографии
653 ## - Ключова дума – ненормативна
Ключова дума библиографски указатели
653 ## - Ключова дума – ненормативна
Ключова дума български композитори
653 ## - Ключова дума – ненормативна
Ключова дума диригенти
700 1# - Други автори (авторска отговорност)
Лично име Владова, Мариана
Автороска отговорност (Описва отношението между автора и произведението) състав.
9 (RLIN) 298432
852 ## - Местоположение
Форматна сигнатура Цб 238852
856 4# - Електронен адрес и достъп
Електронен формат pdf - файл
Път до файла /url/
856 4# - Електронен адрес и достъп
Електронен формат pdf - файл
Път до файла /url/
942 ## - АРТИКУЛИ
Вид на библиотечния материал Книги
Скрит в OPAC Не
944 ## - СЪЗДАВАНЕ И РЕДАКЦИЯ на ЗАПИСА
Създаване/Редакция Създаване
Дата на регистрацията/редакция 12.03.2008
Статус, дата на статуса ф /
Служител, извършил регистрацията/редакцията Людмила_Стоянова
944 ## - СЪЗДАВАНЕ И РЕДАКЦИЯ на ЗАПИСА
Създаване/Редакция Редакция
Дата на регистрацията/редакция 13.09.2012
Статус, дата на статуса ф /
Служител, извършил регистрацията/редакцията
999 ## - СИСТЕМНИ КОНТРОЛНИ НОМЕРА
Koha biblionumber 77695
Koha biblioitemnumber 77695
Наличности
Код за отписване Код за изгубен артикул Код за повреда Коз за рестрикции Код за отдаване Артикулен № Име на библиотеката - собственик Име на библиотеката, в която се намира в момента Статус (Текущо местоположение) Дата на вписване в системата Местоположение - отдел Цена в лева Инвентарен номер Систематично азбучна сигнатура Баркод Номер на екземпляра Цена в евро Служебна бележка Служебен тип на артикула Източник на класификационната схема
  Не е изгубен Не е повреден без рестрикции ползва се в читалня 125963 Регионална библиотека "Любен Каравелов" Русе Регионална библиотека "Любен Каравелов" Русе Хранилище 2008-03-12 Хранилище 0.00 120000724329 Цб 238852 120000724329 1 0.00 Дост: Dp Вид: Д N: 2 Дата: 05.12.2007 Книги  
  Не е изгубен Не е повреден само за читалня ползва се в читалня 125964 Регионална библиотека "Любен Каравелов" Русе Регионална библиотека "Любен Каравелов" Русе СБИД 2012-09-10 СБИД 12.00 120000759669 С 016:929/А 93 Г 120000759669 2 6.14 Дост: DA Вид: А N: 18 Дата: 03.09.2012 Дата инв: 15.06.2017 Бележки инв: СИ2017 Книги Universal Decimal Classification
Vip Innovations Ltd, Rousse, Bulgaria 2025